000 00399nam a22001697a 4500
005 20160624141349.0
008 160624b xxu||||| |||| 00| 0 eng d
020 _a81-207-2591-3
041 _aeng
082 _b9842
100 _aSrivastava, K.M.
_92678
245 _aNews Reporting and Editing
260 _bSterling
_c2003
300 _a284
650 _aMass Communication
_92660
942 _cBK
999 _c3860
_d3859